00337nam a2200121Ia 4500008004100000041000800041082001500049100001700064245006200081260002800143300003200171365001200203240624s9999 xx 000 0 und d aeng a352.34 TEE aTEEUWEN BERT aLEAN FOR THE PUBLIC SECTOR THE PURSUIT OF PERFECTION IN V c2011aLondonbCRC Press axvii, : 205 : p. : cm. ; 25 cGBPb26